00796nac a22002171u 4500010001600000020001500016082001300031090001500044100003400059245008500093260005100178300003600229500002700265504006600292511002800358650003800386700002300424942001500447999001500462952010100477 a 96027824 a026215047600a337bOBS c7648d7648 aObstfeld, Maurice. 10aFoundations of international macroeconomics /cMaurice Obstfeld, Kenneth Rogoff. aCambridge, Mass. :bMIT Press,c.1996.cc.1996. axxiii, 804 p. :bill. ;c27 cm. aDistributer: Al-Ahram. aIncludes bibliographical references (p. [755]-779) and index. aCatalogued By: Mahitab. 0aInternational economic relations.1 aRogoff, Kenneth S. cBBk337OBS c7648d7648 00104070aMAINbMAINc1STd2008-02-03ePurchasel0o337OBSp000009064r2025-07-15 00:00:00yBB